00770nam a22002057a 4500003000400000005001700004008004100021020001500062040002900077050002200106100005200128245004200180250001200222260004300234300005600277650003400333942001500367952016500382999001700547OSt20260625113859.0260625b |||||||| |||| 00| 0 eng d a0393926141 cChuka University Library aPN 6014b.N6 2005 aBooth Alison, Paul Hunter and Mays Kelly931125 aThe Norton Introduction to Literature a9th Ed. aNew YorkbW.W Norton and Companyc2005 axxix 2328 in various pagingsbColored Illustrations aLiterature-Collections924460 2lcccBKn0 00102lcc40708LGLaCHKbCHKcGENd2026-06-25eDonations from Books of Africag885.51l0oPN 6014 .N6 2005p35906/2026r2026-06-25 11:46:55t1w2026-06-25yBK c25182d25182